| 000 | 00386nam a22001337a 4500 | ||
|---|---|---|---|
| 020 | _qHB. | ||
| 040 | _cFIZZA ISHAQ | ||
| 082 |
_a822.33 _bWIL |
||
| 100 |
_aSHAKESPEARE,WILLIAM. _911199 |
||
| 245 |
_aTHE TRAGEDY OF ROMEO AND JULIET / _cWILLIAM SHAKESPEARE. |
||
| 260 |
_aCHINA ; _bMCDOUGAL LITTELL A HOUGHTON MIFFLIN COMPANY, _c1997. |
||
| 300 |
_a311 P. ; _c8.9X5.6IN |
||
| 942 |
_2ddc _cBK |
||
| 999 |
_c616824 _d616824 |
||